| 000 | 00692nam a2200253Ia 4500 | ||
|---|---|---|---|
| 003 | OSt | ||
| 005 | 20221007103300.0 | ||
| 006 | a|||||r|||| 00| 0 | ||
| 007 | ta | ||
| 008 | 221006b |||||||| |||| 00| 0 hin d | ||
| 024 | _a12,713 | ||
| 037 | _cTextual | ||
| 040 |
_aLCO _cLCO _bhin |
||
| 041 |
_2hin _ahin |
||
| 082 | _aY:45:6, N3 | ||
| 100 |
_aParanjape N.B. _9705007 |
||
| 245 | 0 | _aApradh Shastra ave Apradh Prashashan | |
| 250 | _a1st | ||
| 260 |
_aAllahabad _bCentral Law Publications India _c1993 |
||
| 300 | _a376 | ||
| 650 |
_aCriminology and Criminal Administration _9687033 |
||
| 942 |
_hY:45:6, N3 _cTEXL |
||
| 999 |
_c1182276 _d1182276 |
||